Anthropogenic indicators in pollen diagrams /

Bibliographic Details
Other Authors: Behre, Karl-Ernst
Format: Book
Language:English
German
Published: Rotterdam ; Boston : Balkema, 1986.
Subjects:

MARC

Tag First Indicator Second Indicator Subfields
LEADER 00000cam a2200000 a 4500
001 in00000018182
005 20151007053156.0
008 870512s1986 ne abf b 00000 eng d
020 |a 9061916739 
035 |a (OCoLC)15673750 
035 |9 AAB0669AM 
040 |a GIS  |c GIS  |d m/c  |d AGX  |d TXA  |d UtOrBLW 
041 0 |a eng  |a ger 
049 |a TXAM  |c [A11070861] 
050 4 |a QE993  |b .A57 1986 
072 0 |a F300 
245 0 0 |a Anthropogenic indicators in pollen diagrams /  |c edited by Karl-Ernst Behre. 
264 1 |a Rotterdam ;  |a Boston :  |b Balkema,  |c 1986. 
300 |a viii, 232 pages, 5 unnumbered pages of plates :  |b illustrations, maps ;  |c 26 cm. 
336 |a text  |b txt  |2 rdacontent 
337 |a unmediated  |b n  |2 rdamedia 
338 |a volume  |b nc  |2 rdacarrier 
500 |a Twenty-two diagrams on folded sheets in pocket. 
500 |a Contributions prepared for a Symposium in Wilhelmshaven, Oct. 1985. 
504 |a Includes bibliographical references. 
650 0 |a Palynology  |v Congresses. 
650 0 |a Pollen, Fossil  |x Congresses. 
700 1 |a Behre, Karl-Ernst. 
999 |a MARS 
999 f f |s b1e393c7-3e96-394c-92ff-cd46b97c39f7  |i 4bbe7e0a-a2b2-36b1-b023-fcbb99fa5572  |t 0 
952 f f |p ric  |a Texas A&M University  |b Rellis Campus  |c Joint Library Facility  |s JLF  |d Remote Storage  |t 0  |e QE993 .A57 1986  |h Library of Congress classification  |i unmediated -- volume  |m A14811070861 
998 f f |a QE993 .A57 1986  |t 0  |l Remote Storage